01193na a2200241 450000100060000000300080000600500170001400800410003102000150007203500100008704000250009704100080012208200230013011100630015324503250021624601480054126000230068930000330071249000710074565000440081665000720086070000190093216868MIRAKIL20181213154910.0161016b tu 000 0  a9758805002 a16868 aMilasbturcTR-AnCHP atur a342.561bT15t 2003 aTBMM Anayasa Hukuku Uluslararası SempozyumucAnkarad2003 aTürkiye Büyük Millet Meclisi Anayasa hukuku 1. uluslararası sempozyumubAvrupa Birliğine uyum çerçevesinde Türkiye Cumhuriyeti Anayasasında gerçekleştirilen ve gerçekleştirilmesi planlanan reformlarb22-24 Nisan 2003 bildiriler tartışmalar değerlendirmelercyayına hazırlayan Zafer Gören aAvrupa Birliğine uyum çerçevesinde Türkiye Cumhuriyeti Anayasasında gerçekleştirilen ve gerçekleştirilmesi planlanan reformlar aAnkarabTBMMc2003 axvi, 518 s.bfotğ.c24 sm. aTürkiye Büyük Millet Meclisi Başkanlığı yayınlarıv1 aAnayasa hukukuyToplantılarzTürkiye aHak ve özgürlüklerxHukuk ve mevzuatyToplantılarzTürkiye aGören, Zafer